| 000 | 00819cam a22002653a 4500 | ||
|---|---|---|---|
| 001 | 926 | ||
| 003 | PGUSA | ||
| 005 | 20140828082954.0 | ||
| 008 | 970501s1997||||xxu|||||s|||||000 | eng d | ||
| 040 |
_aPGUSA _beng |
||
| 042 | _adc | ||
| 050 | 4 | _aBF | |
| 100 | 1 |
_aMiller, Gustavus Hindman, _d1857-1929 |
|
| 245 | 1 | 0 |
_aTen Thousand Dreams Interpreted; Or, What's in a Dream : _bA Scientific and Practical Exposition _h[electronic resource] / _cGustavus Hindman Miller |
| 260 |
_bProject Gutenberg, _c1997 |
||
| 506 | _aPublic domain in the USA. | ||
| 516 | _aElectronic text | ||
| 653 | _aDream interpretation | ||
| 653 | _aDreams -- Dictionaries | ||
| 653 | _aDreams | ||
| 740 | 0 | _a10,000 Dreams Interpreted | |
| 830 | 0 |
_aProject Gutenberg _v926 |
|
| 856 | 4 | 0 | _uhttp://www.gutenberg.org/ebooks/926 |
| 942 | _cEB | ||
| 999 |
_c230277 _d230277 |
||